[Event "Bled op"]
[Site "Bled"]
[Date "2017.03.12"]
[Round "5"]
[White "Cretnik, Urban"]
[Black "Florjancic, Rudolf"]
[Result "1-0"]
[WhiteElo "2137"]
[BlackElo "1817"]
[PlyCount "63"]
[EventDate "2017.03.10"]
[EventType "swiss"]
[EventRounds "5"]
[EventCountry "SLO"]
[SourceTitle "EXT 2019"]
[Source "ChessBase"]
[SourceDate "2018.10.10"]
[SourceVersion "1"]
[SourceVersionDate "2018.10.10"]
[SourceQuality "1"]

1. e4 e5 2. Nf3 Nc6 3. d4 exd4 4. Nxd4 g6 5. Be3 Bg7 6. c3 Nge7 7. Nd2 0-0 8. Bc4 d5 9. Nxc6 bxc6 10. Be2 Be6 11. 0-0 f5 12. exf5 Nxf5 13. Bc5 Re8 14. Nf3 a5 15. Nd4 Bd7 16. Bf3 Qg5 17. Nxf5 Qxf5 18. Qa4 Rab8 19. Ba3 Be5 20. Rad1 Qf4 21. Qxf4 Bxf4 22. c4 Bd6 23. cxd5 Bxa3 24. dxc6 Be6 25. bxa3 Bxa2 26. Rd7 Rbc8 27. h3 Be6 28. Rdd1 Rf8 29. Bd5 Rf6 30. a4 Bxd5 31. Rxd5 Rxc6 32. f4 1-0

[Event "SLO-chT1 East"]
[Site "Slovenia"]
[Date "2016.11.25"]
[Round "7"]
[White "Cretnik, Urban"]
[Black "Ivanussa, Bogomir"]
[Result "1/2-1/2"]
[WhiteElo "2169"]
[BlackElo "2145"]
[PlyCount "105"]
[EventDate "2016.09.23"]
[EventType "team-tourn"]
[EventRounds "9"]
[EventCountry "SLO"]
[SourceTitle "EXT 2019"]
[Source "ChessBase"]
[SourceDate "2018.10.10"]
[SourceVersion "1"]
[SourceVersionDate "2018.10.10"]
[SourceQuality "1"]
[WhiteTeam "Maribor ZSK II"]
[BlackTeam "Fram"]
[WhiteTeamCountry "SLO"]
[BlackTeamCountry "SLO"]

1. e4 c5 2. c3 Nf6 3. e5 Nd5 4. d4 cxd4 5. Nf3 Nc6 6. cxd4 e6 7. Bc4 d6 8. 0-0 h6 9. a3 Be7 10. Qe2 a6 11. Qe4 Nb6 12. Ba2 d5 13. Qg4 Bf8 14. Nc3 Bd7 15. Bb1 Ne7 16. h4 Rc8 17. h5 Na4 18. Nxa4 Bxa4 19. Nh4 Bc2 20. Be3 Bxb1 21. Raxb1 g6 22. hxg6 Nxg6 23. Nxg6 Rg8 24. Rbc1 Rxg6 25. Qh5 Rc4 26. f4 Qc8 27. Qf3 Qd7 28. Kh2 h5 29. f5 Rxc1 30. Rxc1 exf5 31. Qxh5 Rc6 32. Rf1 Rc2 33. Rxf5 Bg7 34. Qh7 Qe6 35. Rg5 Re2 36. Bc1 Re1 37. Bd2 Re2 38. Ba5 Qh6+ 39. Qxh6 Bxh6 40. Rg8+ Ke7 41. b4 Bf4+ 42. Kh3 Re3+ 43. Kh4 Rxa3 44. Rb8 b5 45. Rb7+ Ke8 46. Rb8+ Ke7 47. Bd8+ Kd7 48. Bf6 Rg3 49. Rd8+ Kc7 50. Rxd5 Rxg2 51. Bd8+ Kb8 52. Rd6 Rd2 53. Rb6+ 1/2-1/2

[Event "Portoroz op 10th"]
[Site "Portoroz"]
[Date "2016.07.26"]
[Round "5"]
[White "Cretnik, Urban"]
[Black "Tratar, Marko"]
[Result "1/2-1/2"]
[WhiteElo "2189"]
[BlackElo "2462"]
[PlyCount "52"]
[EventDate "2016.07.23"]
[EventType "swiss"]
[EventRounds "9"]
[EventCountry "SLO"]
[SourceTitle "CBM 173 Extra"]
[Source "ChessBase"]
[SourceDate "2016.08.29"]
[SourceVersion "1"]
[SourceVersionDate "2016.08.29"]
[SourceQuality "1"]

1. e4 c5 2. c3 Nf6 3. e5 Nd5 4. d4 cxd4 5. cxd4 Nc6 6. Nf3 d6 7. Bc4 dxe5 8. Nxe5 e6 9. 0-0 Be7 10. Nd2 Nb6 11. Bb5 Bd7 12. Nxc6 Bxc6 13. Bxc6+ bxc6 14. Ne4 Qd5 15. Nc3 Qd7 16. Be3 0-0 17. b3 Rfd8 18. Qe2 Qb7 19. Rac1 a5 20. Rc2 Rd7 21. Qg4 Bf8 22. Rfc1 Ba3 23. Rb1 Kh8 24. Qf3 Kg8 25. Qg4 Kh8 26. Qf3 Kg8 1/2-1/2

[Event "Portoroz op 10th"]
[Site "Portoroz"]
[Date "2016.07.25"]
[Round "4"]
[White "Urh, Zala"]
[Black "Cretnik, Urban"]
[Result "0-1"]
[WhiteElo "1977"]
[BlackElo "2189"]
[PlyCount "124"]
[EventDate "2016.07.23"]
[EventType "swiss"]
[EventRounds "9"]
[EventCountry "SLO"]
[SourceTitle "CBM 173 Extra"]
[Source "ChessBase"]
[SourceDate "2016.08.29"]
[SourceVersion "1"]
[SourceVersionDate "2016.08.29"]
[SourceQuality "1"]

1. Nf3 c5 2. g3 g6 3. Bg2 Bg7 4. d4 Nf6 5. 0-0 cxd4 6. Nxd4 0-0 7. c4 Nc6 8. Nc3 Ng4 9. e3 d6 10. Bxc6 bxc6 11. Nxc6 Qd7 12. Nd5 Re8 13. Qf3 Kf8 14. Na5 Rb8 15. Qe2 Qa4 16. Qd2 Ne5 17. f3 Nxc4 18. Nxc4 Qxc4 19. b3 Qc5 20. Bb2 Bb7 21. Rfd1 Bxd5 22. Rac1 Qb5 23. Bxg7+ Kxg7 24. Qxd5 Qe2 25. Qd4+ Kg8 26. Rd2 Qxf3 27. Rf2 Qb7 28. Rcf1 f6 29. Qg4 Qc8 30. Qe4 Rb5 31. Qa4 Qc5 32. Qe4 Qd5 33. Qa4 a5 34. Qg4 Rd8 35. Qe2 Rc8 36. Rd1 Qe5 37. Rd2 Rbc5 38. Rf1 Rc3 39. e4 Qc5+ 40. Kg2 Re3 41. Qg4 Rc7 42. Qe6+ Kg7 43. Rff2 Qb4 44. Rde2 Rxe2 45. Rxe2 Qd4 46. Qd5 Qxd5 47. exd5 f5 48. Kf3 Kf6 49. Re6+ Kf7 50. Re2 Rc3+ 51. Re3 Rc2 52. Re2 Rxe2 53. Kxe2 Kf6 54. Kd3 Ke5 55. Kc4 g5 56. Kb5 f4 57. Kxa5 f3 58. b4 f2 59. b5 f1Q 60. a4 Kxd5 61. Kb6 Qf8 62. Kb7 Qe8 0-1

[Event "Portoroz op 10th"]
[Site "Portoroz"]
[Date "2016.07.24"]
[Round "3"]
[White "Cretnik, Urban"]
[Black "Mazi, Leon"]
[Result "0-1"]
[WhiteElo "2189"]
[BlackElo "2379"]
[PlyCount "91"]
[EventDate "2016.07.23"]
[EventType "swiss"]
[EventRounds "9"]
[EventCountry "SLO"]
[SourceTitle "CBM 173 Extra"]
[Source "ChessBase"]
[SourceDate "2016.08.29"]
[SourceVersion "1"]
[SourceVersionDate "2016.08.29"]
[SourceQuality "1"]

1. d4 Nf6 2. Bg5 Ne4 3. h4 c5 4. dxc5 Qa5+ 5. Nd2 Nxg5 6. hxg5 Qxc5 7. Ngf3 Nc6 8. e3 g6 9. c3 Bg7 10. Bd3 d6 11. Qe2 Be6 12. Rh4 Qa5 13. Bc4 Bxc4 14. Qxc4 h6 15. gxh6 Rxh6 16. Rxh6 Bxh6 17. Nb3 Qf5 18. 0-0-0 Bg7 19. Rd5 Qd7 20. Qf4 Qe6 21. Rb5 Qd7 22. Ng5 e6 23. Qf3 a6 24. Rb6 Qc7 25. Nd4 Bxd4 26. exd4 d5 27. Kb1 0-0-0 28. Rb3 Rh8 29. Qf6 Rh1+ 30. Kc2 Nd8 31. Nf3 Qc4 32. Rb4 Qxa2 33. Qe7 Qa5 34. Ne5 Qc7 35. Qf8 Rf1 36. Nd3 Kb8 37. Kd2 Ka7 38. Ke2 Ra1 39. Nc5 e5 40. Qh8 a5 41. Rb5 b6 42. Qxe5 Qxe5+ 43. dxe5 bxc5 44. Rxc5 Ne6 45. Rb5 d4 46. c4 0-1

[Event "St Veit op-A 35th"]
[Site "St Veit"]
[Date "2016.07.10"]
[Round "3"]
[White "Gajek, Radoslaw"]
[Black "Cretnik, Urban"]
[Result "1-0"]
[WhiteElo "2426"]
[BlackElo "2189"]
[PlyCount "45"]
[EventDate "2016.07.09"]
[EventType "swiss"]
[EventRounds "9"]
[EventCountry "AUT"]
[SourceTitle "EXT 2017"]
[Source "ChessBase"]
[SourceDate "2016.10.25"]
[SourceVersion "1"]
[SourceVersionDate "2016.10.25"]
[SourceQuality "1"]

1. Nf3 c5 2. c4 Nc6 3. g3 e5 4. Nc3 g6 5. Bg2 Bg7 6. 0-0 d6 7. a3 Nge7 8. b4 cxb4 9. axb4 e4 10. Ng5 f5 11. c5 h6 12. cxd6 Qxd6 13. Bb2 Qxb4 14. Rb1 Qa5 15. Ncxe4 Bxb2 16. Nd6+ Kf8 17. Qb3 Ne5 18. Nxc8 hxg5 19. Nxe7 Kxe7 20. Qxb7+ Nd7 21. Qxb2 Rag8 22. Ra1 Qb6 23. Qa3+ 1-0

[Event "SLO-CupT"]
[Site "Portoroz"]
[Date "2016.03.13"]
[Round "4"]
[White "Sebenik, Matej"]
[Black "Cretnik, Urban"]
[Result "1-0"]
[WhiteElo "2514"]
[BlackElo "1953"]
[PlyCount "84"]
[EventDate "2016.03.11"]
[EventType "team-swiss"]
[EventRounds "5"]
[EventCountry "SLO"]
[SourceTitle "EXT 2019"]
[Source "ChessBase"]
[SourceDate "2018.10.10"]
[SourceVersion "1"]
[SourceVersionDate "2018.10.10"]
[SourceQuality "1"]
[WhiteTeam "Ljubljana Duol"]
[BlackTeam "Maribor"]
[WhiteTeamCountry "SLO"]
[BlackTeamCountry "SLO"]

1. c4 c5 2. Nf3 Nc6 3. Nc3 e5 4. g3 g6 5. Bg2 Bg7 6. 0-0 d6 7. a3 Nge7 8. Rb1 a5 9. d3 0-0 10. Ne1 Be6 11. Bg5 f6 12. Be3 Qd7 13. Nc2 Bh3 14. b4 Bxg2 15. Kxg2 axb4 16. axb4 b6 17. Bd2 f5 18. bxc5 bxc5 19. Ne3 Nb4 20. f3 Rfb8 21. Nc2 Nec6 22. Nxb4 Nxb4 23. Nb5 Nc6 24. Qc2 Nd4 25. Nxd4 exd4 26. Rxb8+ Rxb8 27. Rb1 Rb7 28. Qa2 Kf7 29. Rb5 Bf6 30. Bf4 Be7 31. h4 Kg7 32. Qb2 Ra7 33. Rb8 h6 34. Qd2 h5 35. Qb2 Kf7 36. Kf2 Qe6 37. Qb5 Qd7 38. Bh6 Bd8 39. Ra8 Ke6 40. Rxa7 Qxa7 41. Qe8+ Qe7 42. Qxg6+ Qf6 1-0

[Event "Nova Gorica op 21st"]
[Site "Nova Gorica"]
[Date "2016.02.03"]
[Round "8"]
[White "Kolaric, Spela"]
[Black "Cretnik, Urban"]
[Result "1/2-1/2"]
[WhiteElo "2089"]
[BlackElo "1953"]
[PlyCount "55"]
[EventDate "2016.01.29"]
[EventType "swiss"]
[EventRounds "9"]
[EventCountry "SLO"]
[SourceTitle "CBM 170 Extra"]
[Source "ChessBase"]
[SourceDate "2016.02.25"]
[SourceVersion "1"]
[SourceVersionDate "2016.02.25"]
[SourceQuality "1"]

1. d4 g6 2. Nf3 c5 3. d5 d6 4. c4 b5 5. cxb5 a6 6. bxa6 Bxa6 7. Nc3 Nf6 8. g3 Bg7 9. Bg2 Nbd7 10. Rb1 Qa5 11. Bd2 0-0 12. 0-0 Rfb8 13. Qc2 Qc7 14. b3 Nb6 15. Nh4 Qb7 16. Rfd1 Ra7 17. e4 Ng4 18. Nf3 Nd7 19. a4 Nde5 20. Nxe5 Nxe5 21. Bf4 Qb4 22. Na2 Qa5 23. Nc1 Rab7 24. Bxe5 Bxe5 25. Na2 Rb6 26. Rdc1 Bd4 27. Rd1 Be5 28. Re1 1/2-1/2

[Event "Nova Gorica op 21st"]
[Site "Nova Gorica"]
[Date "2016.02.01"]
[Round "6"]
[White "Cretnik, Urban"]
[Black "Laco, Giuseppe"]
[Result "1-0"]
[WhiteElo "1953"]
[BlackElo "2093"]
[PlyCount "163"]
[EventDate "2016.01.29"]
[EventType "swiss"]
[EventRounds "9"]
[EventCountry "SLO"]
[SourceTitle "CBM 170 Extra"]
[Source "ChessBase"]
[SourceDate "2016.02.25"]
[SourceVersion "1"]
[SourceVersionDate "2016.02.25"]
[SourceQuality "1"]

1. e4 c5 2. c3 e6 3. d4 d5 4. exd5 Qxd5 5. Nf3 Nc6 6. Be3 cxd4 7. cxd4 Bb4+ 8. Nc3 Qa5 9. Qc2 Nge7 10. Bd3 Bd6 11. Qe2 a6 12. 0-0 Qh5 13. Ne4 Bb8 14. Ng3 Qa5 15. a3 h5 16. b4 Qc7 17. Rac1 h4 18. Ne4 Kf8 19. a4 Qd8 20. Qd2 f6 21. b5 Na5 22. Qa2 Nd5 23. Bd2 axb5 24. axb5 b6 25. Rfe1 Bd7 26. Qb2 Kg8 27. Bb4 Nb7 28. Bc4 Rh5 29. Qb3 Na5 30. Bxa5 Rxa5 31. Nc3 Kh8 32. Qb1 Nf4 33. Qe4 g5 34. g3 hxg3 35. hxg3 f5 36. Qb1 g4 37. Ne5 Bxe5 38. Rxe5 Qa8 39. d5 Ng6 40. Ree1 e5 41. Kg2 Kg7 42. Rh1 Rxh1 43. Rxh1 Qc8 44. Qd3 Qc5 45. Rh5 Ra3 46. d6 e4 47. Qd5 Qxd5 48. Nxd5 Ne5 49. Nxb6 Nxc4 50. Nxc4 Rc3 51. Ne5 Bxb5 52. d7 Bxd7 53. Nxd7 Kg6 54. Rh8 e3 55. Re8 exf2 56. Kxf2 Rf3+ 57. Kg2 Ra3 58. Re2 Kg5 59. Rf2 Ra4 60. Nc5 Rc4 61. Nd3 Kf6 62. Nf4 Ra4 63. Re2 Ra6 64. Nd5+ Kg5 65. Rd2 Rd6 66. Kf2 Ra6 67. Ke3 Ra3+ 68. Rd3 Ra4 69. Rc3 Re4+ 70. Kd3 Re1 71. Nf4 Rg1 72. Ne2 Rd1+ 73. Ke3 Rd6 74. Nd4 Rd5 75. Ne6+ Kf6 76. Nf4 Re5+ 77. Kd4 Ra5 78. Rc6+ Kf7 79. Nd5 Ra3 80. Rc3 Ra2 81. Ke5 Rf2 82. Nf4 1-0

[Event "Steyr Landesliga 1516"]
[Site "Austria"]
[Date "2015.11.07"]
[Round "4.5"]
[White "Wilfling, Hermann"]
[Black "Cretnik, Urban"]
[Result "1-0"]
[WhiteElo "2144"]
[BlackElo "2052"]
[PlyCount "77"]
[EventDate "2015.09.26"]
[EventType "team-tourn"]
[EventRounds "11"]
[EventCountry "AUT"]
[SourceTitle "CBM 170 Extra"]
[Source "ChessBase"]
[SourceDate "2016.02.25"]
[SourceVersion "1"]
[SourceVersionDate "2016.02.25"]
[SourceQuality "1"]
[WhiteTeam "Feldbach Kirchberg"]
[BlackTeam "Leibnitz Software"]
[WhiteTeamCountry "AUT"]
[BlackTeamCountry "AUT"]

1. d4 d5 2. Nf3 Nf6 3. c4 c6 4. e3 e6 5. Bd3 Nbd7 6. 0-0 dxc4 7. Bxc4 b5 8. Bd3 Be7 9. Nc3 0-0 10. b3 Bb7 11. Bb2 a6 12. Ne4 Nd5 13. Rc1 Qb6 14. Qe2 h6 15. Rfd1 Rac8 16. Bb1 b4 17. Ne5 Nxe5 18. dxe5 c5 19. Qc2 g6 20. Nd6 Rc7 21. Nxb7 Qxb7 22. Qe4 Qb5 23. Qg4 Kg7 24. Rxd5 exd5 25. e6+ Kh7 26. exf7 Qc6 27. h4 Rxf7 28. h5 Rf6 29. Bxf6 Qxf6 30. Bxg6+ Kh8 31. Rd1 c4 32. Rxd5 cxb3 33. axb3 Rc1+ 34. Rd1 Rc3 35. Be4 Qe5 36. Qg6 Qg7 37. Qf5 Rxb3 38. Rd7 Kg8 39. Bd5+ 1-0

[Event "SLO-chT U20"]
[Site "Otocec"]
[Date "2015.08.24"]
[Round "1"]
[White "Pavic, Filip"]
[Black "Cretnik, Urban"]
[Result "1-0"]
[WhiteElo "2158"]
[BlackElo "2134"]
[PlyCount "111"]
[EventDate "2015.08.24"]
[EventType "team-tourn"]
[EventRounds "7"]
[EventCountry "SLO"]
[SourceTitle "EXT 2019"]
[Source "ChessBase"]
[SourceDate "2018.10.10"]
[SourceVersion "1"]
[SourceVersionDate "2018.10.10"]
[SourceQuality "1"]

1. e4 c5 2. Nc3 Nc6 3. f4 g6 4. Nf3 Bg7 5. Bb5 Nd4 6. 0-0 a6 7. Bd3 d6 8. Ne2 Nxf3+ 9. Rxf3 Bg4 10. Rf1 Nf6 11. h3 Bd7 12. c3 Bc6 13. Ng3 h5 14. Qe2 Qb6 15. Bc2 c4+ 16. Rf2 h4 17. Nf1 Qc5 18. d4 cxd3 19. Bxd3 0-0-0 20. Be3 Qh5 21. Qc2 Nd7 22. b4 d5 23. exd5 Qxd5 24. c4 Qd6 25. Rb1 Nc5 26. Bxc5 Qxd3 27. Qxd3 Rxd3 28. b5 Be4 29. Re1 f5 30. Nd2 Bc3 31. Ree2 Bd4 32. Bxd4 Rxd4 33. Nxe4 fxe4 34. f5 gxf5 35. Rxf5 Rxc4 36. bxa6 bxa6 37. Re5 Kd7 38. R5xe4 Rxe4 39. Rxe4 Rh6 40. Ra4 Kc7 41. Kf2 Rf6+ 42. Ke3 Rg6 43. Kf3 Rf6+ 44. Kg4 Rh6 45. Kg5 Rh8 46. Rxa6 Rg8+ 47. Rg6 Rh8 48. a4 Ra8 49. Kxh4 Rxa4+ 50. g4 Kd7 51. Rb6 e5 52. Kg5 Rf4 53. h4 Rf3 54. h5 e4 55. Rb4 e3 56. Re4 1-0

[Event "Graz op-A"]
[Site "Graz"]
[Date "2015.02.13"]
[Round "1"]
[White "Diermair, Andreas"]
[Black "Cretnik, Urban"]
[Result "1-0"]
[WhiteElo "2460"]
[BlackElo "2142"]
[PlyCount "47"]
[EventDate "2015.02.13"]
[EventType "swiss"]
[EventRounds "9"]
[EventCountry "AUT"]
[SourceTitle "CBM 164 Extra"]
[Source "ChessBase"]
[SourceDate "2015.03.02"]
[SourceVersion "1"]
[SourceVersionDate "2015.03.02"]
[SourceQuality "1"]

1. Nf3 d5 2. g3 Nf6 3. Bg2 Bg4 4. c4 e6 5. Ne5 c6 6. cxd5 exd5 7. Nxg4 Nxg4 8. e4 Nf6 9. e5 Ne4 10. 0-0 Bc5 11. d4 Bb6 12. Nc3 Nxc3 13. bxc3 Na6 14. Qg4 Qd7 15. Qxg7 0-0-0 16. Qh6 Nc7 17. Bg5 Rdg8 18. Bf6 Rg6 19. Qh5 Rf8 20. f4 Rgg8 21. Qxh7 Kb8 22. Qd3 Rg6 23. f5 Rh6 24. Bg7 1-0

[Event "Nova Gorica op-A 20th"]
[Site "Nova Gorica"]
[Date "2015.02.02"]
[Round "6"]
[White "Gombac, Jan"]
[Black "Cretnik, Urban"]
[Result "0-1"]
[WhiteElo "2274"]
[BlackElo "2142"]
[PlyCount "64"]
[EventDate "2015.01.30"]
[EventType "swiss"]
[EventRounds "9"]
[EventCountry "SLO"]
[SourceTitle "CBM 164 Extra"]
[Source "ChessBase"]
[SourceDate "2015.03.02"]
[SourceVersion "1"]
[SourceVersionDate "2015.03.02"]
[SourceQuality "1"]

1. d4 d5 2. c4 c6 3. Nf3 Nf6 4. e3 e6 5. Bd3 Nbd7 6. Nbd2 Bd6 7. e4 e5 8. cxd5 cxd5 9. exd5 0-0 10. 0-0 exd4 11. Ne4 Nxe4 12. Bxe4 f5 13. Bb1 Ne5 14. Nxd4 Qh4 15. f4 Bc5 16. g3 Qf6 17. Kg2 Nc4 18. Nf3 b5 19. Bd3 Bb7 20. Bxc4 bxc4 21. Re1 Rfe8 22. Re5 Rad8 23. Qe2 Rxe5 24. fxe5 Qf7 25. d6 Qe6 26. Be3 Qxe5 27. Qxc4+ Kh8 28. Qxc5 Qxb2+ 29. Kh3 Bxf3 30. Rg1 Bg4+ 31. Kh4 Qxh2+ 32. Kg5 Qh6# 0-1

[Event "Nova Gorica op-A 20th"]
[Site "Nova Gorica"]
[Date "2015.01.30"]
[Round "1"]
[White "Cretnik, Urban"]
[Black "Marn, Jan"]
[Result "0-1"]
[WhiteElo "2142"]
[BlackElo "1446"]
[PlyCount "144"]
[EventDate "2015.01.30"]
[EventType "swiss"]
[EventRounds "9"]
[EventCountry "SLO"]
[SourceTitle "CBM 164 Extra"]
[Source "ChessBase"]
[SourceDate "2015.03.02"]
[SourceVersion "1"]
[SourceVersionDate "2015.03.02"]
[SourceQuality "1"]

1. e4 e5 2. Nf3 Nc6 3. Bb5 a6 4. Bc4 Nf6 5. 0-0 Be7 6. Re1 b5 7. Bb3 d6 8. c3 0-0 9. d4 Bg4 10. Be3 Na5 11. dxe5 dxe5 12. Qxd8 Raxd8 13. Nxe5 Bd6 14. Nxg4 Nxg4 15. g3 Rfe8 16. Bg5 Rd7 17. Bd1 Ne5 18. Be2 h6 19. Bf4 Nec4 20. Bxd6 Rxd6 21. b4 Nc6 22. Bxc4 bxc4 23. Na3 Rd3 24. Rac1 Ne5 25. Kg2 Rd2 26. Rc2 Red8 27. Re2 Rxc2 28. Rxc2 Rd3 29. f4 Nf3 30. Rc1 Nd2 31. e5 Kf8 32. Kh3 Ke7 33. f5 g6 34. f6+ Ke6 35. Rc2 Kd5 36. Rb2 Ne4 37. b5 a5 38. b6 cxb6 39. Rxb6 Rxc3 40. Rb5+ Kc6 41. Rxa5 Kb6 42. Rb5+ Ka6 43. Rb8 Ka7 44. Nb5+ Kxb8 45. Nxc3 Nxc3 46. e6 Ne4 47. Kg2 Nxf6 48. exf7 Nd7 49. Kf2 Kc7 50. Ke3 Kc6 51. Kd4 Kb5 52. a3 Nf8 53. h3 Nd7 54. a4+ Kb4 55. a5 c3 56. a6 c2 57. a7 c1Q 58. a8Q Qd1+ 59. Ke3 Qe1+ 60. Kd3 Qxg3+ 61. Kd2 Qf2+ 62. Kd1 Qxf7 63. Qb7+ Kc5 64. Qa7+ Kd6 65. Qa3+ Nc5 66. Qg3+ Kc6 67. Ke2 Qe6+ 68. Kf1 Qf5+ 69. Kg1 Qb1+ 70. Kh2 Qc2+ 71. Kh1 Qd1+ 72. Kh2 Qd6 0-1

[Event "Belgrade Trophy 28th"]
[Site "Belgrade"]
[Date "2014.11.29"]
[Round "6"]
[White "Cretnik, Urban"]
[Black "Jakovljevic, Zivota"]
[Result "1-0"]
[WhiteElo "2214"]
[BlackElo "2068"]
[PlyCount "21"]
[EventDate "2014.11.24"]
[EventType "swiss"]
[EventRounds "9"]
[EventCountry "SRB"]
[SourceTitle "CBM 163 Extra"]
[Source "ChessBase"]
[SourceDate "2014.12.23"]
[SourceVersion "1"]
[SourceVersionDate "2014.12.23"]
[SourceQuality "1"]

1. e4 c6 2. d4 d5 3. Nc3 e6 4. Nf3 Nf6 5. Bd3 Be7 6. e5 Nfd7 7. Ne2 c5 8. c3 Nc6 9. 0-0 c4 10. Bc2 b5 11. Ng3 1-0

[Event "SLO-chT1 East"]
[Site "Celje"]
[Date "2014.10.12"]
[Round "5"]
[White "Cretnik, Urban"]
[Black "Vidic, Branko"]
[Result "1-0"]
[WhiteElo "2105"]
[BlackElo "2021"]
[PlyCount "77"]
[EventDate "2014.10.09"]
[EventType "team-tourn"]
[EventRounds "9"]
[EventCountry "SLO"]
[SourceTitle "EXT 2019"]
[Source "ChessBase"]
[SourceDate "2018.10.10"]
[SourceVersion "1"]
[SourceVersionDate "2018.10.10"]
[SourceQuality "1"]
[WhiteTeam "Maribor ZSK II"]
[BlackTeam "Rokada Lendava"]
[WhiteTeamCountry "SLO"]
[BlackTeamCountry "SLO"]

1. e4 c5 2. c3 e6 3. d4 Qc7 4. Nf3 d6 5. Bd3 Nd7 6. 0-0 Ngf6 7. Qe2 Be7 8. e5 dxe5 9. dxe5 Nd5 10. a3 a6 11. c4 N5b6 12. Nc3 Nf8 13. Rb1 Bd7 14. b4 cxb4 15. axb4 Ng6 16. c5 Nd5 17. Nxd5 exd5 18. Bd2 0-0 19. h3 Rfe8 20. Rfe1 Bf8 21. Bxg6 hxg6 22. Bf4 Qc6 23. Qa2 Be7 24. Nd4 Qa4 25. Qxd5 Bc6 26. Qc4 Bb5 27. Nxb5 Qxb5 28. Qb3 Kh7 29. Qxf7 Rf8 30. Qxe7 Rxf4 31. e6 Rxb4 32. Rxb4 Qxb4 33. Rd1 Rc8 34. Qf7 Qxc5 35. e7 Qh5 36. Rd8 Rc1+ 37. Kh2 Qe5+ 38. g3 Qe1 39. Qg8+ 1-0